000 00228 a2200097 4500
001 43030
100 _aAbbott P
245 _aThe development of Mathematics
260 _aLondon
_bMc Graw Hill Book Co
_c
090 _c26900
_d26900
942 _aNUST-CAE
_cM
_c18781
999 _c278103
_d278103